GEVART, Pierre, Institutions françaises et européennes : bilan et perspectives. Paris (France) : Sirey (www.dalloz.fr), 2003. 440 p. (Sirey intégral concours) ISBN:2-24-705-382-3 (notice n° 1616977)
[ vue normale ]
| 000 -LEADER | |
|---|---|
| fixed length control field | 00628cam a2200133 4500500 |
| 005 - DATE AND TIME OF LATEST TRANSACTION | |
| control field | 20260111081821.0 |
| 041 ## - LANGUAGE CODE | |
| Language code of text/sound track or separate title | fre |
| 042 ## - AUTHENTICATION CODE | |
| Authentication code | dc |
| 245 00 - TITLE STATEMENT | |
| Title | GEVART, Pierre, Institutions françaises et européennes : bilan et perspectives. Paris (France) : Sirey (www.dalloz.fr), 2003. 440 p. (Sirey intégral concours) ISBN:2-24-705-382-3 |
| 260 ## - PUBLICATION, DISTRIBUTION, ETC. | |
| Date of publication, distribution, etc. | 2005.<br/> |
| 500 ## - GENERAL NOTE | |
| General note | 1 |
| 786 0# - DATA SOURCE ENTRY | |
| Note | Revue Internationale des Sciences Administratives | 71 | 1 | 2005-03-01 | p. 185j-190j | 0303-965X |
| 856 41 - ELECTRONIC LOCATION AND ACCESS | |
| Uniform Resource Identifier | <a href="https://droit.cairn.info/revue-internationale-des-sciences-administratives-2005-1-page-185j?lang=fr&redirect-ssocas=7080">https://droit.cairn.info/revue-internationale-des-sciences-administratives-2005-1-page-185j?lang=fr&redirect-ssocas=7080</a> |
Pas d'exemplaire disponible.




Réseaux sociaux